LIBRARY ONLINE CATALOGUE

Falling : (Record no. 9462)

MARC details
000 -LEADER
fixed length control field 00686cam a22002172 4500
001 - CONTROL NUMBER
control field 0000020689
005 - DATE AND TIME OF LATEST TRANSACTION
control field 20151217152219.0
008 - FIXED-LENGTH DATA ELEMENTS--GENERAL INFORMATION
fixed length control field 111004s xx 000 0 eng d
020 ## - INTERNATIONAL STANDARD BOOK NUMBER
International Standard Book Number 0393054136 :
040 ## - CATALOGING SOURCE
Original cataloging agency KABU
Transcribing agency KABU
100 1# - MAIN ENTRY--PERSONAL NAME
Personal name Soden, Garrett.
-- 0000181216
245 10 - TITLE STATEMENT
Title Falling :
Remainder of title how our greatest fear became our greatest thrill - a history /
Statement of responsibility, etc. Garrett Soden.
250 ## - EDITION STATEMENT
Edition statement 1st ed.
260 ## - PUBLICATION, DISTRIBUTION, ETC. (IMPRINT)
Place of publication, distribution, etc. New York :
Name of publisher, distributor, etc. W. W. Norton,
Date of publication, distribution, etc. 2003.
300 ## - PHYSICAL DESCRIPTION
Extent viii, 342 p.
650 #0 - SUBJECT ADDED ENTRY--TOPICAL TERM
Topical term or geographic name as entry element Daredevils
General subdivision History.
-- 0000181217
650 #0 - SUBJECT ADDED ENTRY--TOPICAL TERM
Topical term or geographic name as entry element Jumping
General subdivision Psychological aspects.
-- 0000181218
852 1# - LOCATION
-- p3875 KES
908 ## - PUT COMMAND PARAMETER (RLIN)
Put command parameter 111004
950 ## - LOCAL HOLDINGS (RLIN)
-- 1
Holdings
Withdrawn status Lost status Source of classification or shelving scheme Not for loan Home library Current library Date acquired Total Checkouts Full call number Barcode Date last seen Price effective from Koha item type
    Library of Congress Classification   Kabarak, Main Campus Kabarak, Main Campus 17/12/2015   GV1839 .S63 2003 c.1 19226 17/12/2015 17/12/2015 General Collection